Houston Rockets NBA Awards Winners - Statistics

General Stats
  • This quiz has been taken 741 times
  • The average score is 5 of 10
Answer Stats
Player % Correct
Hakeem Olajuwon
100%
James Harden
99%
Moses Malone
77%
Ralph Sampson
59%
Eric Gordon
57%
Mike D'Antoni
48%
Steve Francis
48%
Aaron Brooks
21%
Don Chaney
6%
Tom Nissalke
4%
No matching quizzes found
Score Distribution
Percent of People with Each Score
Percentile by Number Answered
Your Score History
You have not taken this quiz